[Event "4NCL-9899A IK1-BA1"]
[Site "Rd2-Warwick"]
[Date "1998.10.25"]
[Round "2.8"]
[White "Kieran, Rosalind"]
[Black "Griffiths, Paul V"]
[Result "1-0"]
[WhiteElo "2015"]
[BlackElo "2200"]
[PlyCount "123"]
[EventDate "1998.10.25"]

1. e4 e5 2. Nf3 Nc6 3. Bc4 Nf6 4. d3 Be7 5. c3 O-O 6. O-O d5 7. exd5 Nxd5 8.
Re1 Bg4 9. h3 Bh5 10. Nbd2 a6 11. a4 Qd7 12. Nxe5 Nxe5 13. Qxh5 Nxc4 14. Nxc4
Bf6 15. d4 Rfe8 16. Rxe8+ Rxe8 17. Bd2 Ne7 18. Qf3 b6 19. Ne3 Ng6 20. Qd5 Rd8
21. Qxd7 Rxd7 22. Ng4 Be7 23. Be3 Bd6 24. Re1 f6 25. Bc1 Nf4 26. Bxf4 Bxf4 27.
g3 Bd6 28. Kg2 Kf7 29. Kf3 Bf8 30. Ne3 g6 31. g4 Bh6 32. h4 Bg7 33. g5 Re7 34.
Re2 Rd7 35. Kg3 Re7 36. f4 f5 37. Kf3 b5 38. axb5 axb5 39. Nd5 Rd7 40. Nb4 Rd6
41. Nd3 Bf8 42. Re3 Rb6 43. Re2 Rd6 44. Ne5+ Kg7 45. Re1 Ra6 46. Nd7 Bd6 47.
Nf6 Ra2 48. h5 gxh5 49. Nxh5+ Kg6 50. Re6+ Kf7 51. Rf6+ Kg8 52. Rxf5 Rxb2 53.
Nf6+ Kf7 54. Ne4+ Ke7 55. Rf6 Rh2 56. Kg4 Ba3 57. Kf5 Bc1 58. Re6+ Kf8 59. Ke5
Rh4 60. f5 Bf4+ 61. Kf6 Bc1 62. Nc5 1-0

[Event "4NCL-9899A NWE-WES"]
[Site "Rd2-Warwick"]
[Date "1998.10.25"]
[Round "2.1"]
[White "Kennaugh, Charles"]
[Black "Webb, Richard"]
[Result "0-1"]
[WhiteElo "2290"]
[BlackElo "2340"]
[PlyCount "72"]
[EventDate "1998.10.25"]

1. e4 c5 2. Nf3 d6 3. d4 cxd4 4. Nxd4 Nf6 5. Nc3 g6 6. Be3 Bg7 7. f3 O-O 8. Qd2
Nc6 9. O-O-O d5 {(Draw offer)} 10. Kb1 Nxd4 11. e5 Nf5 12. exf6 Bxf6 13. Nxd5
Qxd5 14. Qxd5 Nxe3 15. Qd3 Nxd1 16. Qxd1 Be6 17. Bb5 a6 18. Ba4 b5 19. Bb3 Bxb3
20. axb3 a5 21. Qd3 a4 22. b4 a3 23. bxa3 Rfc8 24. c4 bxc4 25. Qe3 Rd8 26. Rc1
Rd3 27. Qb6 Rb3+ 28. Kc2 Raxa3 29. Kd1 c3 30. Rc2 Rb2 31. Qd8+ Kg7 32. Qd3 Rxb4
33. Ke2 Rb2 34. Ke3 Raa2 35. Rxc3 Re2+ 36. Kf4 e5+ 0-1

[Event "4NCL-9899A NWE-WES"]
[Site "Rd2-Warwick"]
[Date "1998.10.25"]
[Round "2.2"]
[White "Neil, David"]
[Black "Littlewood, John"]
[Result "1-0"]
[WhiteElo "2260"]
[BlackElo "2295"]
[PlyCount "53"]
[EventDate "1998.10.25"]

1. e4 e5 2. f4 d5 3. exd5 Bc5 4. d3 Bxg1 5. Rxg1 Qh4+ 6. g3 Qxh2 7. Rg2 Qh1 8.
Nc3 Nh6 9. Qe2 Bh3 10. Rh2 Qxf1+ 11. Qxf1 Bxf1 12. Kxf1 Nd7 13. fxe5 Nf5 14. g4
Nd4 15. Bf4 O-O-O 16. Rf2 h5 17. g5 g6 18. Re1 Rde8 19. Re4 Nf5 20. b4 h4 21.
Kg2 h3+ 22. Kh2 Rh4 23. Rf3 Reh8 24. Ne2 Rg4 25. Rxh3 Nh4 26. Kh1 Re8 27. Bh2
1-0

[Event "4NCL-9899A NWE-WES"]
[Site "Rd2-Warwick"]
[Date "1998.10.25"]
[Round "2.3"]
[White "Lund, Brett"]
[Black "Corkett, Anthony"]
[Result "0-1"]
[WhiteElo "2295"]
[BlackElo "2240"]
[PlyCount "66"]
[EventDate "1998.10.25"]

1. g3 d5 2. Bg2 Nf6 3. f4 c6 4. Nf3 Bg4 5. d3 Nbd7 6. a4 a5 7. c3 Qb6 8. Qc2
Bxf3 9. Bxf3 e5 10. e4 dxe4 11. dxe4 Bc5 12. Na3 Qc7 13. Nc4 O-O 14. f5 b5 15.
Ne3 Qb6 16. Qe2 bxa4 17. Nc4 Qb5 18. g4 Nb6 19. Na3 Qxe2+ 20. Kxe2 Rfd8 21. h4
Ne8 22. g5 Nd6 23. h5 Bxa3 24. Rxa3 Nb5 25. Ra1 a3 26. bxa3 Nxc3+ 27. Kf2 Nc4
28. g6 fxg6 29. hxg6 hxg6 30. Bg5 Rd3 31. Rh4 Rb8 32. Rah1 Rb2+ 33. Kg3 gxf5
0-1

[Event "4NCL-9899A NWE-WES"]
[Site "Rd2-Warwick"]
[Date "1998.10.25"]
[Round "2.4"]
[White "Upton, Ian"]
[Black "Tebb, David"]
[Result "0-1"]
[WhiteElo "2225"]
[BlackElo "2250"]
[PlyCount "44"]
[EventDate "1998.10.25"]

1. d4 Nf6 2. c4 g6 3. Nc3 d5 4. cxd5 Nxd5 5. Na4 Bg7 6. e4 Nb6 7. Be3 O-O 8.
Nf3 Bg4 9. Nc5 Qc8 10. Qb3 Bxf3 11. gxf3 Nc6 12. O-O-O Nd7 13. Nxd7 Qxd7 14. d5
Na5 15. Qb4 b6 16. Bb5 Qh3 17. f4 c6 18. dxc6 Rac8 19. Kb1 Nxc6 20. Qa4 Qe6 21.
Rd2 Na5 22. Ba6 Nc4 0-1

[Event "4NCL-9899A NWE-WES"]
[Site "Rd2-Warwick"]
[Date "1998.10.25"]
[Round "2.5"]
[White "James, Dale"]
[Black "Noyce, Robert"]
[Result "1-0"]
[WhiteElo "2225"]
[BlackElo "2155"]
[PlyCount "91"]
[EventDate "1998.10.25"]

1. e4 d5 2. exd5 Nf6 3. c4 e6 4. dxe6 Bxe6 5. d4 Bb4+ 6. Bd2 Bxd2+ 7. Qxd2 Qe7
8. Qe3 Ng4 9. Qa3 Qh4 10. Qg3 Qe7 11. Be2 O-O 12. Nc3 f5 13. h3 f4 14. Qf3 Qh4
15. d5 Bd7 16. hxg4 Qxh1 17. O-O-O Qh6 18. Nh3 Bxg4 19. Qxg4 f3+ 20. Rd2 fxe2
21. Nxe2 Na6 22. Nd4 Nc5 23. Qg5 Qxg5 24. Nxg5 h6 25. Nge6 Nxe6 26. Nxe6 Rf7
27. f4 h5 28. Kc2 g6 29. Kc3 Rc8 30. Kd4 Rf5 31. Ke4 Re8 32. Kf3 Re7 33. g3 b6
34. b4 Rd7 35. Re2 Rf6 36. Re4 Rff7 37. Re5 b5 38. c5 Rf6 39. Ke4 Kf7 40. Ng5+
Kg7 41. Ne6+ Kf7 42. Ng5+ Kg7 43. c6 Rdf7 44. Re8 h4 45. Ne6+ Kh7 46. gxh4 1-0

[Event "4NCL-9899A NWE-WES"]
[Site "Rd2-Warwick"]
[Date "1998.10.25"]
[Round "2.6"]
[White "Brameld, Arthur"]
[Black "Longson, Alex"]
[Result "0-1"]
[WhiteElo "2115"]
[BlackElo "2135"]
[PlyCount "102"]
[EventDate "1998.10.25"]

1. e4 c5 2. Nf3 d6 3. d4 cxd4 4. Qxd4 Nc6 5. Bb5 Bd7 6. Bxc6 Bxc6 7. Nc3 Nf6 8.
Bg5 e6 9. O-O-O Be7 10. Rhe1 O-O 11. e5 dxe5 12. Qh4 Qc7 13. Nxe5 Rfd8 14. Ng4
Nxg4 15. Bxe7 Rxd1+ 16. Rxd1 Ne5 17. Bd6 Ng6 18. Qg3 Qa5 19. Bc7 Qf5 20. Bb8 h6
21. Bxa7 Qf4+ 22. Be3 Qxg3 23. hxg3 {(Draw offer)} Bxg2 24. a4 Bc6 25. b3 Ne5
26. Kb2 g5 27. Nb5 Ng4 28. Bc5 Kh7 29. Na7 Bg2 30. Rd7 Kg6 31. Nb5 h5 32. Rd2
h4 33. gxh4 gxh4 34. f3 Bxf3 35. Nd4 Be4 36. Ne2 e5 37. Ng1 f5 38. Nh3 f4 39.
Be7 Kf5 40. Bc5 Bc6 41. Bb6 e4 42. Rd8 Rxd8 43. Bxd8 e3 44. Bxh4 f3 45. Kc3 f2
46. Nxf2 exf2 47. Bxf2 Nxf2 48. Kd4 Ke6 49. a5 Kd6 50. c4 Bg2 51. b4 Ne4 0-1

[Event "4NCL-9899A NWE-WES"]
[Site "Rd2-Warwick"]
[Date "1998.10.25"]
[Round "2.7"]
[White "Ford, Elise"]
[Black "Tunks, Dominic"]
[Result "1/2-1/2"]
[WhiteElo "1840"]
[BlackElo "2048"]
[PlyCount "86"]
[EventDate "1998.10.25"]

1. e4 d6 2. Nc3 g6 3. f4 Bg7 4. Bc4 e6 5. Nf3 Ne7 6. d3 Nbc6 7. O-O Na5 8. Bb3
Nxb3 9. axb3 O-O 10. Ne2 c5 11. Qe1 Nc6 12. g4 f5 13. h3 Nd4 14. Nexd4 cxd4 15.
Bd2 Qb6 16. Kh2 Bd7 17. b4 Rae8 18. e5 Rc8 19. c4 dxc3 20. bxc3 a6 21. c4 Rfd8
22. gxf5 exf5 23. b5 Re8 24. Ba5 Qa7 25. Bc3 d5 26. Bd4 Qa8 27. Qb4 dxc4 28.
dxc4 Be6 29. Rfc1 Bf8 30. c5 b6 31. Ng5 Qd5 32. Nxe6 Rxe6 33. Rxa6 bxc5 34. Qc4
Qxc4 35. Rxc4 Rxa6 36. bxa6 Ra8 37. Bxc5 Bxc5 38. Rxc5 Rxa6 39. h4 Ra3 40. Rc8+
Kf7 41. Rc7+ Kg8 42. Kg2 Ra2+ 43. Kf3 Ra3+ 1/2-1/2

[Event "4NCL-9899A BCM-BA2"]
[Site "Rd3-Birmingham"]
[Date "1998.11.21"]
[Round "3.1"]
[White "Chandler, Murray"]
[Black "Crouch, Colin"]
[Result "1-0"]
[WhiteElo "2520"]
[BlackElo "2410"]
[PlyCount "88"]
[EventDate "1998.11.21"]

1. b3 e5 2. Bb2 Nc6 3. e3 d5 4. Bb5 Bd6 5. f4 Qh4+ 6. g3 Qe7 7. Nf3 f6 8. Nc3
Be6 9. Qe2 a6 10. Bxc6+ bxc6 11. O-O-O Nh6 12. e4 d4 13. Na4 c5 14. fxe5 fxe5
15. Rhf1 c4 16. Nh4 g6 17. Kb1 Kd7 18. Nf3 Rhb8 19. d3 c3 20. Bxc3 dxc3 21. d4
exd4 22. Rxd4 Kc8 23. Qe3 Nf7 24. Qxc3 Bb4 25. Qc6 Ra7 26. Rfd1 Bg4 27. e5 Qe6
28. Qxe6+ Bxe6 29. Rh4 h5 30. Nd4 g5 31. Re4 Bd5 32. Re3 Be7 33. Nf5 c6 34. c4
Bxc4 35. e6 Nd8 36. Rd7 Bxe6 37. Rxa7 Bxf5+ 38. Kc1 Ba3+ 39. Kd2 Bb4+ 40. Ke2
Bg4+ 41. Kf2 a5 42. Re8 Bd2 43. Ree7 Rb5 44. Ra8+ Rb8 1-0

[Event "4NCL-9899A BCM-BA2"]
[Site "Rd3-Birmingham"]
[Date "1998.11.21"]
[Round "3.2"]
[White "Pert, Richard"]
[Black "Bellin, Robert"]
[Result "1/2-1/2"]
[WhiteElo "2240"]
[BlackElo "2360"]
[PlyCount "81"]
[EventDate "1998.11.21"]

1. e4 e5 2. Nf3 Nc6 3. Bb5 a6 4. Bxc6 dxc6 5. O-O Qe7 6. d4 exd4 7. Qxd4 Bg4 8.
Nbd2 Qc5 9. Qe5+ Qxe5 10. Nxe5 Be6 11. Ndf3 f6 12. Nd4 Bxa2 13. Rxa2 fxe5 14.
Ne6 Kd7 15. Ng5 Nh6 16. b3 Bd6 17. Bb2 Rae8 18. Ra5 Re7 19. Rd1 Kc8 20. c4 Ree8
21. h3 c5 22. f4 Rhg8 23. f5 Be7 24. Ne6 Nf7 25. Ra2 Bd6 26. Bc1 Nd8 27. Nxd8
Rxd8 28. Rad2 Be7 29. Bb2 Bf6 30. Rd5 c6 31. R5d3 Rxd3 32. Rxd3 Rd8 33. Rxd8+
Kxd8 34. Kf2 Kd7 35. Kf3 Kd6 36. g3 Bd8 37. Bc3 Bg5 38. Ke2 Bc1 39. Ba5 Ba3 40.
Bb6 Bb2 41. Kf3 1/2-1/2

[Event "4NCL-9899A BCM-BA2"]
[Site "Rd3-Birmingham"]
[Date "1998.11.21"]
[Round "3.3"]
[White "Richardson, John"]
[Black "Lewis, Andrew P"]
[Result "0-1"]
[WhiteElo "2330"]
[BlackElo "2275"]
[PlyCount "110"]
[EventDate "1998.11.21"]

1. d4 Nf6 2. c4 g6 3. g3 Bg7 4. Bg2 O-O 5. Nc3 d6 6. Nf3 Nbd7 7. O-O e5 8. h3
c6 9. e4 Qb6 10. c5 dxc5 11. dxe5 Ne8 12. e6 fxe6 13. Ng5 Ne5 14. f4 Nf7 15.
Nxf7 Rxf7 16. e5 Qc7 17. Be3 b6 18. Qa4 Bb7 19. Qb3 Qc8 20. h4 Bf8 21. h5 Nc7
22. hxg6 hxg6 23. Ne4 Nd5 24. Bf2 Be7 25. Qf3 Qd7 26. Qg4 Raf8 27. Bh3 Bc8 28.
Rad1 Rh7 29. Bg2 Rg7 30. Bf3 Rf5 31. Kg2 g5 32. Nf6+ Bxf6 33. exf6 Rxf6 34.
fxg5 Rf5 35. g6 Qe7 36. Rh1 Qf6 37. Rh6 Ba6 38. Rdh1 Kf8 39. Rh8+ Ke7 40. R1h7
Kd6 41. Rxg7 Qxg7 42. Qh4 Rf6 43. Qh7 Rxg6 44. g4 Bd3 45. Bg3+ e5 46. Rd8+ Ke7
47. Bh4+ Ke6 48. Re8+ Kd6 49. Qxg7 Rxg7 50. Bg3 Re7 51. Rd8+ Ke6 52. Rc8 e4 53.
Rxc6+ Kf7 54. Bd6 exf3+ 55. Kxf3 Re6 {etc (illegible, 61 moves)} 0-1

[Event "4NCL-9899A BCM-BA2"]
[Site "Rd3-Birmingham"]
[Date "1998.11.21"]
[Round "3.4"]
[White "Duncan, Chris"]
[Black "Lyell, Mark"]
[Result "0-1"]
[WhiteElo "2265"]
[BlackElo "2225"]
[PlyCount "56"]
[EventDate "1998.11.21"]

1. c4 e5 2. Nc3 Nc6 3. g3 g6 4. Bg2 Bg7 5. Rb1 d6 6. b4 Bf5 7. b5 Nd4 8. d3 Bc8
9. e3 Ne6 10. Nge2 Ne7 11. O-O O-O 12. a4 a6 13. Bb2 axb5 14. axb5 c6 15. Ra1
Bd7 16. Rxa8 Qxa8 17. Qd2 Qa7 18. Ra1 Qb6 19. Ba3 Ra8 20. bxc6 bxc6 21. Rb1 Qc7
22. Nb5 Qd8 23. Bxd6 Nf5 24. g4 Nh4 25. Nbc3 Ng5 26. Kh1 Bxg4 27. c5 Ngf3 28.
Qb2 Nxg2 0-1

[Event "4NCL-9899A BCM-BA2"]
[Site "Rd3-Birmingham"]
[Date "1998.11.21"]
[Round "3.5"]
[White "Anderton, David"]
[Black "Twyble, Michael"]
[Result "1/2-1/2"]
[WhiteElo "2205"]
[BlackElo "2215"]
[PlyCount "34"]
[EventDate "1998.11.21"]

1. d4 Nf6 2. c4 g6 3. g3 Bg7 4. Bg2 c5 5. Nf3 cxd4 6. Nxd4 Nc6 7. Nc3 O-O 8.
O-O Nxd4 9. Qxd4 d6 10. Qd3 a6 11. Rd1 Bf5 12. Qf3 Rc8 13. Qxb7 Rxc4 14. Qxa6
Rb4 15. a4 Qb8 16. e3 Be6 17. Nd5 Nxd5 1/2-1/2

[Event "4NCL-9899A BCM-BA2"]
[Site "Rd3-Birmingham"]
[Date "1998.11.21"]
[Round "3.6"]
[White "Palliser, Richard"]
[Black "Bellin, Jana"]
[Result "1-0"]
[WhiteElo "2175"]
[BlackElo "2170"]
[PlyCount "117"]
[EventDate "1998.11.21"]

1. d4 Nf6 2. c4 c5 3. d5 e5 4. Nc3 d6 5. e4 Be7 6. g3 O-O 7. Bg2 a6 8. a4 Ne8
9. Nge2 Nd7 10. O-O g6 11. Bh6 Ng7 12. Qd2 Nf6 13. h3 Kh8 14. Be3 Nd7 15. Bh6
f5 16. Rae1 Nf6 17. Kh2 Ng8 18. Be3 Bd7 19. f4 Bf6 20. fxe5 Bxe5 21. Bf4 Qb6
22. exf5 gxf5 23. Nc1 Rae8 24. b3 Bxf4 25. Qxf4 Ne7 26. Qd2 Ng6 27. N3e2 Qd8
28. a5 Nh5 29. Nd3 Nf6 30. Nef4 Nxf4 31. Nxf4 Ne4 32. Qb2+ Qf6 33. Qxf6+ Nxf6
34. Bf3 Re5 35. Nd3 Ree8 36. Kg2 Kg7 37. Rxe8 Rxe8 38. Kf2 b6 39. axb6 Rb8 40.
Ke3 Rxb6 41. Bd1 Ng8 42. Kd2 Ne7 43. Kc3 a5 44. Bc2 Ng6 45. Nf4 Rb4 46. Nh5+
Kh6 47. Nf6 Bc8 48. Ne8 Rb6 49. Bxf5 Bxf5 50. Rxf5 a4 51. bxa4 Ra6 52. g4 Ne5
53. Nxd6 Nd7 54. Nf7+ Kg7 55. Ne5 Nxe5 56. Rxe5 Rxa4 57. d6 Ra3+ 58. Kb2 Ra6
59. d7 1-0

[Event "4NCL-9899A BCM-BA2"]
[Site "Rd3-Birmingham"]
[Date "1998.11.21"]
[Round "3.7"]
[White "Gunter, David"]
[Black "Flower, David"]
[Result "0-1"]
[WhiteElo "2175"]
[BlackElo "2065"]
[PlyCount "108"]
[EventDate "1998.11.21"]

1. Nf3 d5 2. c4 Nf6 3. g3 e6 4. Bg2 Be7 5. O-O O-O 6. cxd5 exd5 7. d4 c6 8. Nc3
Re8 9. Ne5 Nbd7 10. f4 Bf8 11. Kh1 Nb6 12. a3 Bf5 13. e3 h5 14. Bd2 g6 15. h3
Kg7 16. Be1 Bd6 17. b4 Qc8 18. Kh2 Qe6 19. Bf2 Ne4 20. Nxe4 Bxe4 21. Ra2 f6 22.
Nf3 Nc4 23. Re1 a5 24. bxa5 Rxa5 25. Qb3 b5 26. a4 Rb8 27. Qd1 Rba8 28. Qb3
Rxa4 29. Rea1 Rxa2 30. Rxa2 Rxa2 31. Qxa2 Bf5 32. Nh4 Be4 33. Nf3 Qe7 34. Nh4
Bxg2 35. Nxg2 Qb7 36. Nh4 f5 37. g4 hxg4 38. hxg4 fxg4 39. Qc2 Qf7 40. Kg1 Qe6
41. Qa2 g3 42. Qa7+ Kf6 43. Bxg3 Qxe3+ 44. Bf2 Qc1+ 45. Kg2 Qxf4 46. Qa8 Qg4+
47. Kf1 Qh3+ 48. Ke2 Qe6+ 49. Kd1 Qg4+ 50. Ke1 Bb4+ 51. Kf1 Nd2+ 52. Ke1 Nf3+
53. Kd1 Ne1+ 54. Kc1 Nd3+ 0-1

[Event "4NCL-9899A BCM-BA2"]
[Site "Rd3-Birmingham"]
[Date "1998.11.21"]
[Round "3.8"]
[White "Lang, Heather"]
[Black "Milligan, Helen"]
[Result "0-1"]
[WhiteElo "1896"]
[BlackElo "2010"]
[PlyCount "78"]
[EventDate "1998.11.21"]

1. e4 e6 2. Nc3 d5 3. d4 Bb4 4. Nge2 dxe4 5. a3 Bxc3+ 6. Nxc3 Nc6 7. Bb5 Nge7
8. O-O O-O 9. Bg5 f6 10. Bf4 Nd5 11. Bxc6 bxc6 12. Bg3 f5 13. Be5 Qg5 14. Qc1
Qxc1 15. Raxc1 Ba6 16. Rfe1 Nxc3 17. bxc3 Rfd8 18. Bxc7 Rd7 19. Be5 Kf7 20. a4
Rd5 21. Rb1 Rad8 22. Rb2 g5 23. Re3 Rxe5 24. f4 gxf4 25. Rh3 Red5 26. Rxh7+ Ke8
27. Rxa7 Be2 28. Rb6 R5d7 29. Ra5 Rc8 30. Rc5 Kf7 31. Kf2 f3 32. gxf3 exf3 33.
Rcxc6 Rxc6 34. Rxc6 Kf6 35. a5 f4 36. a6 Rg7 37. d5 Rg2+ 38. Ke1 Rg1+ 39. Kd2
Rd1# 0-1

[Event "4NCL-9899A BIG-RIC"]
[Site "Rd3-Birmingham"]
[Date "1998.11.21"]
[Round "3.1"]
[White "Parker, Jonathan"]
[Black "Bates, Richard"]
[Result "1-0"]
[WhiteElo "2510"]
[BlackElo "2395"]
[PlyCount "81"]
[EventDate "1998.11.21"]

1. e4 c5 2. Nf3 d6 3. c3 Nf6 4. Bd3 Nc6 5. Bc2 Bg4 6. d3 d5 7. Nbd2 e6 8. O-O
Be7 9. Qe2 O-O 10. h3 Bh5 11. g4 Bg6 12. Nh4 Ne8 13. Nxg6 hxg6 14. f4 d4 15.
Nf3 b5 16. Kg2 Nc7 17. Bd2 a5 18. a4 dxc3 19. bxc3 b4 20. Bb3 Bf6 21. e5 Be7
22. Qe4 Qd7 23. Bc4 Rab8 24. cxb4 Nxb4 25. h4 Qc6 26. Qxc6 Nxc6 27. h5 gxh5 28.
gxh5 Rb2 29. Kh3 Rd8 30. Rg1 Nd5 31. Rg4 f5 32. exf6 Bxf6 33. Re1 Kf7 34. Bc1
Rf2 35. Kg3 Rc2 36. Ng5+ Bxg5 37. fxg5 Nd4 38. g6+ Kg8 39. Bg5 Rf8 40. Rxd4
cxd4 41. Rxe6 1-0

[Event "4NCL-9899A BIG-RIC"]
[Site "Rd3-Birmingham"]
[Date "1998.11.21"]
[Round "3.3"]
[White "Rowson, Jonathan"]
[Black "Quinn, Mark"]
[Result "1/2-1/2"]
[WhiteElo "2495"]
[BlackElo "2350"]
[PlyCount "50"]
[EventDate "1998.11.21"]

1. e4 c5 2. Nf3 Nc6 3. Nc3 g6 4. d4 cxd4 5. Nxd4 Bg7 6. Be3 Nf6 7. Bc4 O-O 8.
Bb3 a5 9. a4 Ng4 10. Qxg4 Nxd4 11. Qh4 Nxb3 12. cxb3 Ra6 13. O-O Bf6 14. Bg5
Bxg5 15. Qxg5 d6 16. Rfc1 Be6 17. Nb5 Rc6 18. Qe3 Qb6 19. Qxb6 Rxb6 20. Rc3 Bd7
21. Nd4 e5 22. Nf3 Be6 23. Nd2 Rd8 24. Re1 Kf8 25. f3 Ke7 1/2-1/2

[Event "4NCL-9899A BIG-RIC"]
[Site "Rd3-Birmingham"]
[Date "1998.11.21"]
[Round "3.4"]
[White "Johnstone, Paul"]
[Black "Kelly, Brian"]
[Result "0-1"]
[WhiteElo "2300"]
[BlackElo "2405"]
[PlyCount "56"]
[EventDate "1998.11.21"]

1. d4 d5 2. Nc3 e6 3. Nf3 Nf6 4. Bg5 Be7 5. e3 h6 6. Bh4 c5 7. Ne5 Nc6 8. Bb5
Bd7 9. O-O O-O 10. Bxc6 Bxc6 11. Qd3 Rc8 12. f4 Be8 13. Kh1 b5 14. dxc5 b4 15.
Ne2 Ne4 16. Bxe7 Qxe7 17. Nd4 f6 18. Nef3 Nxc5 19. Qd1 Na4 20. Rb1 Nc5 21. Rc1
a5 22. c3 Bf7 23. cxb4 axb4 24. a3 bxa3 25. bxa3 Qa7 26. Rf2 Nd3 27. Rfc2 Nxc1
28. Qxc1 Rxc2 0-1

[Event "4NCL-9899A BIG-RIC"]
[Site "Rd3-Birmingham"]
[Date "1998.11.21"]
[Round "3.5"]
[White "Arkell, Keith"]
[Black "Franklin, Michael"]
[Result "1-0"]
[WhiteElo "2475"]
[BlackElo "2235"]
[PlyCount "57"]
[EventDate "1998.11.21"]

1. d4 Nf6 2. Nf3 e6 3. c4 Bb4+ 4. Bd2 Qe7 5. g3 b6 6. Bg2 Bb7 7. O-O Bxd2 8.
Qxd2 O-O 9. Nc3 d6 10. Rfe1 Nbd7 11. e4 e5 12. Nd5 Nxd5 13. cxd5 c6 14. Rac1
Rfc8 15. dxe5 dxe5 16. Bh3 cxd5 17. exd5 Rxc1 18. Rxc1 Nc5 19. Re1 f6 20. b4
Na6 21. d6 Qf7 22. d7 Rd8 23. Qd6 Qf8 24. Be6+ Kh8 25. Qxf8+ Rxf8 26. Rc1 Nxb4
27. Rc7 Ba6 28. a3 Nd3 29. Bc4 1-0

[Event "4NCL-9899A BIG-RIC"]
[Site "Rd3-Birmingham"]
[Date "1998.11.21"]
[Round "3.6"]
[White "Eames, Robert"]
[Black "Collinson, Adam"]
[Result "1/2-1/2"]
[WhiteElo "2040"]
[BlackElo "2405"]
[PlyCount "62"]
[EventDate "1998.11.21"]

1. e4 c5 2. Nf3 d6 3. d4 cxd4 4. Nxd4 Nf6 5. Nc3 a6 6. Bc4 e6 7. Bb3 Nbd7 8. f4
Nc5 9. f5 Be7 10. O-O Bd7 11. Qf3 b5 12. fxe6 fxe6 13. e5 dxe5 14. Nc6 Bxc6 15.
Qxc6+ Kf7 16. Be3 Qe8 17. Qf3 Nxb3 18. cxb3 Rf8 19. Rac1 Kg8 20. Qh3 Qc6 21.
Na4 Qe4 22. Nb6 Rae8 23. Qxe6+ Kh8 24. Qh3 Ng4 25. Rxf8+ Rxf8 26. Nd5 Nxe3 27.
Nxe7 Ng4 28. Qf3 Qd4+ 29. Kh1 Nf2+ 30. Kg1 Nd3+ 31. Kh1 Nf2+ 1/2-1/2

[Event "4NCL-9899A BIG-RIC"]
[Site "Rd3-Birmingham"]
[Date "1998.11.21"]
[Round "3.7"]
[White "Ferguson, Mark"]
[Black "Allicock, Rawle"]
[Result "1-0"]
[WhiteElo "2410"]
[BlackElo "2232"]
[PlyCount "73"]
[EventDate "1998.11.21"]

1. e4 e5 2. Nf3 Nf6 3. Nc3 Nc6 4. Bb5 Bb4 5. O-O O-O 6. d3 d6 7. Bg5 Bxc3 8.
bxc3 Qe7 9. Re1 Nd8 10. d4 Ne6 11. Bc1 Rd8 12. Nh4 c6 13. Nf5 Qc7 14. Bc4 d5
15. exd5 cxd5 16. Bb3 e4 17. Ba3 Nf4 18. Ne7+ Kh8 19. Nxc8 Rdxc8 20. Bc1 a5 21.
a4 Ra6 22. Re3 Qd7 23. Rb1 N6h5 24. Ba2 Rg6 25. Rg3 Nxg3 26. hxg3 Ne6 27. Rb5
Nc7 28. Rxa5 Ra8 29. Rxa8+ Nxa8 30. Qh5 Nc7 31. Bb3 f5 32. Bf4 Rc6 33. a5 Qe6
34. Qh4 Qg8 35. Qe7 Qc8 36. Be5 Ne6 37. Bxd5 1-0

[Event "4NCL-9899A HH-BA1"]
[Site "Rd3-Birmingham"]
[Date "1998.11.21"]
[Round "3.1"]
[White "Norwood, David"]
[Black "Rogers, Jonathan"]
[Result "1-0"]
[WhiteElo "2535"]
[BlackElo "2355"]
[PlyCount "33"]
[EventDate "1998.11.21"]

1. g3 e5 2. c4 d6 3. Nc3 h5 4. Nf3 c6 5. d4 Qc7 6. Bg2 Be7 7. O-O Bg4 8. c5
Bxf3 9. cxd6 Qxd6 10. exf3 Qxd4 11. Qe2 Nd7 12. f4 Ngf6 13. Re1 O-O-O 14. Be3
Qb4 15. a3 Qa5 16. b4 Qc7 17. Nb5 1-0

[Event "4NCL-9899A HH-BA1"]
[Site "Rd3-Birmingham"]
[Date "1998.11.21"]
[Round "3.3"]
[White "Mortazavi, Ali"]
[Black "Pert, Nicholas"]
[Result "0-1"]
[WhiteElo "2380"]
[BlackElo "2390"]
[PlyCount "64"]
[EventDate "1998.11.21"]

1. e4 e6 2. d4 d5 3. e5 c5 4. Nf3 Nc6 5. Bd3 Bd7 6. O-O Rc8 7. Bf4 Qb6 8. Nbd2
c4 9. Be2 Nxd4 10. Nxd4 Qxd4 11. Be3 Qxe5 12. Bxa7 Qc7 13. Be3 Bd6 14. Nf3 Nf6
15. b3 Ne4 16. Bd4 cxb3 17. cxb3 Nc3 18. Qd2 Nxe2+ 19. Qxe2 f6 20. Qe3 Bf4 21.
Qe2 O-O 22. Be3 Bxe3 23. Qxe3 e5 24. Rac1 Qa5 25. a4 Qb4 26. h3 d4 27. Qd3 Be6
28. Nd2 Rc3 29. Rxc3 Qxc3 30. Qxc3 dxc3 31. Ne4 c2 32. Nc5 Rc8 0-1

[Event "4NCL-9899A HH-BA1"]
[Site "Rd3-Birmingham"]
[Date "1998.11.21"]
[Round "3.4"]
[White "Hansen, Carsten"]
[Black "Tozer, Richard"]
[Result "1-0"]
[WhiteElo "2305"]
[BlackElo "2305"]
[PlyCount "81"]
[EventDate "1998.11.21"]

1. d4 d5 2. c4 c6 3. cxd5 cxd5 4. Nc3 Nf6 5. Bf4 Nc6 6. e3 Bf5 7. Nf3 e6 8. Qb3
Bb4 9. Bb5 O-O 10. Ne5 Bxc3+ 11. bxc3 Nxe5 12. Bxe5 Rc8 13. f3 Ne8 14. O-O Nd6
15. Bxd6 Qxd6 16. Rfe1 e5 17. Bf1 b6 18. Rad1 Be6 19. Rd2 Rc7 20. Ba6 h6 21.
Qb4 Qc6 22. dxe5 Qxc3 23. Qxc3 Rxc3 24. Kf2 Rb8 25. Rb1 Bc8 26. Be2 Bb7 27. f4
Rbc8 28. Rbb2 R8c5 29. Rb4 Ra3 30. Bd1 Kf8 31. Bb3 Ke7 32. f5 Bc6 33. Rg4 Kf8
34. f6 g5 35. h4 gxh4 36. Rxh4 a5 37. Rxh6 Ke8 38. Rh7 a4 39. Bd1 d4 40. exd4
Rb5 41. Bg4 1-0

[Event "4NCL-9899A HH-BA1"]
[Site "Rd3-Birmingham"]
[Date "1998.11.21"]
[Round "3.5"]
[White "Hassabis, Demis"]
[Black "Lehtivaara, Petri"]
[Result "0-1"]
[WhiteElo "2176"]
[BlackElo "2365"]
[PlyCount "90"]
[EventDate "1998.11.21"]

1. c4 e5 2. Nc3 Nf6 3. g3 d5 4. cxd5 Nxd5 5. Bg2 Nb6 6. Nf3 Nc6 7. d3 Be7 8.
O-O O-O 9. a3 f5 10. b4 Bf6 11. Qb3+ Kh8 12. b5 Nd4 13. Nxd4 exd4 14. Na4 Qe7
15. Nxb6 cxb6 16. Bd2 Be6 17. Qb4 Qd7 18. Rac1 Be7 19. Qb2 Bc5 20. Rc2 Bd5 21.
Bxd5 Qxd5 22. Qa2 Qd7 23. Qb3 Rae8 24. Re1 Rf6 25. Qc4 Rfe6 26. Bb4 Re5 27. f4
Bxb4 28. axb4 Rxb5 29. Rb1 h6 30. Qc7 Qxc7 31. Rxc7 Rxe2 32. Rd7 a5 33. Rxd4
Rd2 34. Rb3 Kh7 35. Rc4 Kg6 36. Rd4 Kh5 37. Rd7 g5 38. fxg5 hxg5 39. Rd4 Re5
40. Kf1 Rxh2 41. bxa5 Rxa5 42. Kg1 Rd2 43. Rb1 Raa2 44. Rd7 Kg4 45. Rxb7 Rg2+
0-1

[Event "4NCL-9899A HH-BA1"]
[Site "Rd3-Birmingham"]
[Date "1998.11.21"]
[Round "3.6"]
[White "Pritchett, Craig"]
[Black "Wade, Robert"]
[Result "1/2-1/2"]
[WhiteElo "2355"]
[BlackElo "2220"]
[PlyCount "101"]
[EventDate "1998.11.21"]

1. Nf3 d6 2. d4 Bg4 3. Nbd2 e6 4. h3 Bh5 5. c4 Nd7 6. g3 c6 7. Bg2 e5 8. O-O
Be7 9. b3 Ngf6 10. Bb2 e4 11. Nh4 g5 12. Nf5 Bg6 13. Nxe7 Qxe7 14. e3 O-O 15.
a4 Rfe8 16. Qc2 d5 17. Qc3 h5 18. Ba3 Qe6 19. Qb4 Bf5 20. Kh2 Kh7 21. Qd6 a5
22. Qxe6 Bxe6 23. Bd6 Kg6 24. Rfc1 Rh8 25. Bf1 Ne8 26. Ba3 f5 27. Be2 h4 28.
cxd5 Bxd5 29. g4 f4 30. exf4 gxf4 31. Bc4 Ndf6 32. Bxd5 cxd5 33. Rc5 Rh7 34.
Kg2 Rd7 35. Rac1 Ng7 36. Rc7 Ne6 37. Rxd7 Nxd7 38. Bb2 Ra6 39. Rc8 Rb6 40. Bc3
Rc6 41. Rxc6 bxc6 42. Bxa5 Nxd4 43. Bc3 Ne2 44. Bb2 Nc5 45. a5 Na6 46. Nf3
exf3+ 47. Kxf3 Ng1+ 48. Kg2 Ne2 49. Kf3 Ng1+ 50. Kg2 Ne2 51. Kf3 1/2-1/2